000 00662nam a22002057a 4500
003 BD-DhJNU
005 20241128095923.0
008 241128b |||||||| |||| 00| 0 eng d
020 _a9780691113876
040 _aBD-DhJNU
_beng
_cBD-DhJNU
_dBD-DhJNU
082 _223
_a515.7
100 _aStein, Elias M.
245 _aFunctional analysis :
_bintroduction to further topics in analysis /
_cElias M. Stein & Rami Shakarchi
260 _aNew Jersey :
_bPrinceton University Press,
_c2011.
300 _axv, 423 p. :
_bill. ;
_c25 cm.
504 _aincludes bibliographical reference & index
650 _aAnalysis
700 _aShakarchi, Rami
942 _2ddc
_cBK
_n0
999 _c955
_d955